<?xml version="1.0" encoding="UTF-8"?>
<collection xmlns="http://www.loc.gov/MARC21/slim">
  <record>
    <leader>00000nam  2200000   4500</leader>
    <controlfield tag="001">INLIS000000000020313</controlfield>
    <controlfield tag="005">20250611020222</controlfield>
    <datafield tag="035" ind1="#" ind2="#">
      <subfield code="a">0010-0625000055</subfield>
    </datafield>
    <controlfield tag="007">ta</controlfield>
    <controlfield tag="008">250611################|##########|#|##</controlfield>
    <datafield tag="084" ind1="#" ind2="#">
      <subfield code="a">R 0026 PKN I 2024</subfield>
    </datafield>
    <datafield tag="100" ind1=" " ind2="#">
      <subfield code="a">Desy Meutia Firdaus</subfield>
    </datafield>
    <datafield tag="245" ind1="1" ind2="#">
      <subfield code="a">Optimalisasi Penerapan Restorative Justice Melalui Pembentukan Peraturan Perundang-Undangan Dalam Mewujudkan Penegakan Hukum Yang Lebih Berkeadilan /</subfield>
      <subfield code="c">Desy Meutia Firdaus</subfield>
    </datafield>
    <datafield tag="260" ind1="#" ind2="#">
      <subfield code="a">Jakarta :</subfield>
      <subfield code="b">Pusbangkom Pimnas dan Manajerial ASN,</subfield>
      <subfield code="c">2024</subfield>
    </datafield>
    <datafield tag="300" ind1="#" ind2="#">
      <subfield code="a">115 hlm. ;</subfield>
      <subfield code="c">30 cm</subfield>
    </datafield>
    <datafield tag="650" ind1="#" ind2="4">
      <subfield code="a">Restorative Justice</subfield>
    </datafield>
    <datafield tag="650" ind1="#" ind2="4">
      <subfield code="a">Hukum</subfield>
    </datafield>
    <datafield tag="520" ind1="#" ind2="#">
      <subfield code="a">Pentingnya peran korban ternyata tidak hanya soal ketersediaan bantuan bagi korban seperti yang diperkenalkan dalam UU Perlindungan Saksi dan Korban, namun juga harus ada peran korban secara substansial agar respon pemidanaan itu berdampak baik untuk korban tindak pidana. Hal itu yang melatarbelakangi lahirnya pendekatan restorative justice, yang secara khusus memberikan ruang penanganan perkara tindak pidana dengan melibatkan pelaku, korban, dan atau masyarakat secara bersama-sama mencari penyelesaian yang lebih adil dengan menekankan pemulihan kembali pada keadaan semula sehingga tidak hanya berfokus pada penghukuman pelaku.</subfield>
    </datafield>
    <datafield tag="990" ind1="#" ind2="#">
      <subfield code="a">2024/1.2.1/A/0026</subfield>
    </datafield>
  </record>
</collection>
